Pure Water Type Pokémon - Statistics

General Stats
  • This quiz has been taken 81 times
    30 since last reset
  • The average score is 74 of 85
Answer Stats
Region Number Answer % Correct
0009 Blastoise
100%
0009 Gigantamax Blastoise
100%
0116 Horsea
100%
0129 Magikarp
100%
0009 Mega Blastoise
100%
0117 Seadra
100%
Kanto 0007 Squirtle
100%
Johto 0158 Totodile
100%
0134 Vaporeon
100%
0008 Wartortle
100%
0159 Croconaw
95%
0160 Feraligatr
95%
Kalos 0656 Froakie
95%
0818 Gigantamax Inteleon
95%
0118 Goldeen
95%
0818 Inteleon
95%
Hoenn 0258 Mudkip
95%
Unova 0501 Oshawott
95%
Sinnoh 0393 Piplup
95%
Alola 0728 Popplio
95%
0394 Prinplup
95%
0054 Psyduck
95%
0503 Samurott
95%
0119 Seaking
95%
Galar 0816 Sobble
95%
0729 Brionne
90%
0502 Dewott
90%
0817 Drizzile
90%
0657 Frogadier
90%
0099 Gigantamax Kingler
90%
0055 Golduck
90%
0099 Kingler
90%
0098 Krabby
90%
0382 Kyogre
90%
0060 Poliwag
90%
0061 Poliwhirl
90%
0382 Primal Kyogre
90%
Paldea 0912 Quaxly
90%
0086 Seel
90%
0090 Shellder
90%
0120 Staryu
90%
0320 Wailmer
90%
0321 Wailord
90%
0418 Buizel
86%
0366 Clamperl
86%
0341 Corphish
86%
0349 Feebas
86%
0456 Finneon
86%
0419 Floatzel
86%
0368 Gorebyss
86%
0367 Huntail
86%
0457 Lumineon
86%
0350 Milotic
86%
0515 Panpour
86%
0913 Quaxwell
86%
0516 Simipour
86%
0245 Suicune
86%
0535 Tympole
86%
0594 Alomomola
81%
0847 Barraskewda
81%
0550 Blue-Striped Basculin
81%
0692 Clauncher
81%
0693 Clawitzer
81%
0370 Luvdisc
81%
0490 Manaphy
81%
0224 Octillery
81%
0489 Phione
81%
0550 Red-Striped Basculin
81%
0223 Remoraid
81%
0550 White-Striped Basculin
81%
0746 Wishiwashi (School Form)
81%
0746 Wishiwashi (Solo Form)
81%
0846 Arrokuda
76%
0833 Chewtle
76%
0186 Politoed
76%
0771 Pyukumuku
76%
0351 Castform (Rainy Form)
71%
0963 Finizen
71%
0964 Palafin (Hero Form)
71%
0964 Palafin (Zero Form)
71%
0977 Dondozo
67%
0422 East Sea Shellos
67%
0422 West Sea Shellos
67%
0960 Wiglett
67%
0961 Wugtrio
67%
No matching quizzes found
Score Distribution
Percent of People with Each Score
Percentile by Number Answered
Your Score History
You have not taken this quiz since the last reset